Những rào cản phát triển đối với khu vực kinh tế tư nhân và vấn đề phát huy vai trò động lực của nó thúc đẩy tăng trưởng, phát triển kinh tế Việt Nam giai đoạn 2001-2010 /
Đã lưu trong:
| 主要作者: | |
|---|---|
| 格式: | Bài viết |
| 語言: | Vietnamese |
| 主題: | |
| 標簽: |
添加標簽
沒有標簽, 成為第一個標記此記錄!
|
| Thư viện lưu trữ: | Thư viện Trường Đại học Đà Lạt |
|---|
| LEADER | 00946nam a2200265 4500 | ||
|---|---|---|---|
| 001 | DLU120139010 | ||
| 005 | ##20120801 | ||
| 040 | # | # | |a DLU |b vie |
| 041 | # | # | |a vie |
| 044 | # | # | |a vn |
| 100 | # | # | |a Vũ Hùng Cường. |
| 245 | # | # | |a Những rào cản phát triển đối với khu vực kinh tế tư nhân và vấn đề phát huy vai trò động lực của nó thúc đẩy tăng trưởng, phát triển kinh tế Việt Nam giai đoạn 2001-2010 / |c Vũ Hùng Cường. |
| 653 | # | # | |a Kinh tế tư nhân |
| 653 | # | # | |a Phát triển kinh tế |
| 653 | # | # | |a Tăng trưởng kinh tế |
| 773 | # | # | |t Nghiên cứu Kinh tế |g Số 12(391), 2010, tr. 12-19 |
| 920 | # | # | |a Phòng Tạp chí -- Trung tâm Thông tin - Thư viện Trường Đại học Đà Lạt |
| 994 | # | # | |a DLU |
| 900 | # | # | |a True |
| 911 | # | # | |a Nguyễn Thị Linh Chi |
| 925 | # | # | |a G |
| 926 | # | # | |a A |
| 927 | # | # | |a BB |
| 980 | # | # | |a Thư viện Trường Đại học Đà Lạt |